000 02316nam a2200229Ia 4500
003 OSt
005 20260122065043.0
008 160316s2009 xxu||||| |||| 00| 0 eng d
020 _a9783642033797 (hbk.)
040 _c.
082 _a341 NOL
245 _aPeace through international law :
_bthe role of the international law commission /
_cedited by Georg Nolte
260 _aLondon :
_bSpringer,
_c2009.
300 _aix, 195 p. ;
_c21 cm.
365 _b Rs. 4,455
505 _aI. Introduction; Introduction: Georg Nolte; Address Edmundo Vargas Carreno; Address Georg Witschel; II. State Responsibility and Peace; The Normative Environment for Peace—On the Contribution of the ILC's Articles on State Responsibility Helmut Philipp Aust; Comment: State Responsibility and Peace by Jochen Abr. Frowein; Comment: The Impact of Security Council Resolutions on State Responsibility Giorgio Gaja; Comment: State Responsibility and Peace Zdzislaw Galicki; III. The Law of Treaties and Peace; The Merits of Reasonable Flexibility: The Contribution of the Law of Treaties to Peace Annemarieke Vermeer-Kunzli; Comment: The Contribution of the Law of Treaties to Peace Paula Escarameia; Comment: The Vienna Convention on the Law of Treaties and its Contribution to Peace Gerhard Hafner; Comment: The Contribution of the Law of Treaties to Peace by Amrith Rohan Perera; IV. International Law of Shared Natural Resources and Peace; The Benefits of Positivism: The ILC's Contribution to the Peaceful Sharing of Transboundary Groundwater Nele Matz-Luck; Comment: International Law of Shared Natural Resources and Peace by Enrique Candioti; Comment: Trends in the Law Applicable to Freshwaters, Laurence Boisson de Chazournes; Comment: The ILC's Contribution to the Peaceful Sharing of Transboundary Groundwater, Chusei Yamada; v. Concluding Discussion: Lon of the ILC and Informalization. Christopher Daase; The Role of the ILC's Work in Promoting World Peace and Security—Definition and Evaluation, Hanquin Xue; Peace through Law: The Role of the ILC Bruno Simma; List of Contributors
650 _aPacific Settlement of International Disputes
650 _aArbitration - International Law
650 _a War Crimes - Peace
700 _aNolte, Georg
_a
942 _2ddc
_cBK
999 _c28832
_d28832